00580nam a2200169 i 450000100060000000300090000600500170001500700030003200800410003510000230007624500410009926000730014030000260021385200320023999900170027195201220028866277ES-MaACL20230906165602.0t|040203s1908 xxu ||||1| eng d1 aGale, Zona.95336510aFriendship village / cby Zona Gale. aNew York : bMacmillan Company, c1908 (eNorwood : fNorwood Press) aIX, 323 p. ; c20 cm. aES-MaACLjC-25450 bR.54134 c66277d66277 00104070aATENEOMbATENEOMcDEPO2d2008-01-17eSCl0oC-25450p1069435r2023-02-23 00:00:00w2023-02-23yMONOGRAFIA